00576 2200217 4500001002100000005001500021008004100036020002200077035001900099041000700118082001100125090001700136100001900153700003100172700003300203245003200236250001100268260003100279300002700310650002100337INLIS00000000002532920241224131915241224||||||||| | ||| |||| || |  a978-623-206-036-4 0010-1224025329 aid0 a741. 5 a741. 5 YOV t0 aYovita Siswati0 apenyunting: DhitaKurniawan0 ailustrator: Ahmad Saba Dunya00aTeruslah mengembara, Ireng! acet. 1 aSolobTiga Serangkaic2019 a32 hlm.: ilus.; 24 cm. 0acerita bergambar